000 01057nam a22002417a 4500
999 _c6954
_d6954
003 AR-CdUCM
008 190319b ||||| |||| 00| 0 spa d
040 _aMUNICIPALIDAD PROVINCIAL DEL CUSCO
_cBIBLIOTECA MUNICIPAL DEL CUSCO
041 _heng
082 _a709 /
_bUN57
110 _aUnited Nations Eduational, Scientific and Cultural Organization
_919206
245 _aPinturas australianas aborígenes /
260 _aMéxico-Buenos Aires
_bEditorial Hermes,
_c1964.
300 _a28 páginas ;
_bIlustraciones en color, desplegables
_c17 cm.
440 _aUnesco-Hermes Bolsilibros de Arte
_n9
_919608
505 _aContenido : Texto de Charles P. Mountford -- Grupo de espíritus nalbidjis de los sexos. -- Friso representando espíritus mimis que corren armados de venablos y lanzavenablos -- Espíritus mimis y tortuga de mar -- Ceremonia aborigen...
650 _aArte
_9561
650 _aHistoria del arte
_91647
650 _aPinturas aborígenes
_919609
700 _aCharles P. Mountford
_919610
942 _2ddc
_cLIBROS
945 _admma